|
|
|
|
| LEADER |
00991ncm a22002532a 4500 |
| 001 |
000254085 |
| 003 |
CZ BrMZK |
| 005 |
20120802111335.0 |
| 007 |
qu |
| 008 |
950101s1956 gw f zxx d |
| 040 |
|
|
|a BOA001
|b cze
|
| 072 |
|
7 |
|a 788
|x Hudba pro dechové nástroje
|2 Konspekt
|9 9
|
| 100 |
1 |
|
|a Händel, Georg Friedrich,
|d 1685-1759
|7 jn19990003280
|4 cmp
|
| 245 |
1 |
0 |
|a Sonaten.
|n [2], Nr. 4-7
|h [hudebnina] :
|b für Flöte und Pianoforte /
|c Georg Friedrich Händel ; hrsg. von Maxmilian Schwedler
|
| 260 |
|
|
|a Leipzig :
|b Peters,
|c 1956
|
| 300 |
|
|
|a 41, 14 s.
|
| 490 |
1 |
|
|a Edition Peters ;
|v Nr. 2018b
|
| 700 |
1 |
|
|a Schwedler, Maximilian,
|d 1853-1940
|7 mzk2011639740
|4 edt
|
| 830 |
|
0 |
|a Edition Peters
|
| 910 |
|
|
|a BOA001
|b Mus4-0461.163,2
|
| 990 |
|
|
|a MU
|
| 991 |
|
|
|b 201208
|
| 996 |
6 |
|
|b 2619887988
|c Mus4-0461.163,2
|l MZK
|r Sklad / do 1 hodiny
|n 0
|w 000254085
|u 000020
|a 1
|e BOA001
|j MZK50
|s P
|
| 996 |
7 |
|
|b 2619908473
|c Mus4-0461.163,2
|l MZK
|r Sklad / do 1 hodiny
|n 8
|w 000254085
|u 000010
|a 1
|e BOA001
|j MZK50
|s A
|